000 01479cad a22003375a 4500
001 E147810
002
008 090619s2009 xxk f f 000 0 eng d
035 _a(Sirsi) u147810
041 0 _aeng
050 0 4 _a333.332 $2 18
110 2 _aRoyal Institution of Chartered Surveyors
_94900
240 0 0 _aRICS valuation standards
240 _aRed Book
245 0 0 _aRed book interim amendment
_bJuly 2009
_h[electronic resource]
250 _a6th ed. (March 2009 reprint)
260 _aLondon
_bRICS
_c2009
490 0 _aRICS Guidance Note
490 0 _aRICS Practice Statement
490 0 _aRICS UK Guidance Note
490 0 _aRICS Valuation Information Paper
490 0 _aRICS UK Practice Statement
505 2 _aRemoval of exception for antiques and fine art, PS1.2.11 -- Alteration of the minimum terms of engagement -- Amendment to the Takeover Code, UK appendix 2.2 -- UK HomeBuyer Service -- UK PS 4.4 The Scottish Home Report
520 _aThese interim amendments to the March 2009 Red Book contain one major change and a number of revisions that reflect issues that have arisen since the text of the March 2009 update was finalised. The revisions come into effect on 1 July 2009 and will be incorporated into the next reprint of the Red Book early in 2010.
521 _aAdvanced
590 _aKA
650 2 4 _aRICS VALUATION STANDARDS
651 4 _aInternational
690 _aPROPERTY-PROPERTY APPRAISAL AND VALUATION
942 _n0
999 _c109735
_d109735